Нормален изглед
MARC изглед
- Издателско дело - Чехословакия
Вход 09. Предметна рубрика
001 - Контролен номер на записа
- Контролно поле: 420052
003 - Код на организацията, даваща контролен номер
- Контролно поле: BLK
005 - Дата и час на последна промяна на записа
- Контролно поле: 20200723094420.0
008 - Данни с фиксирана дължина – обща информация
- Данни с фиксирана дължина : 200723|| aca||aabn | a|a d
150 ## - ТЕМАТИЧНА ПРЕДМЕТНА РУБРИКА
- Редна дума или Топографско име: Издателско дело - Чехословакия
942 ## - Системна служебна употреба
- Koha auth type: TOPIC_TERM